Podnikateľské riziká vyplývajúce z chybného pracovného štýlu
Vymedzenie pojmu lobizmus. Negatívne vnímanie lobizmu na Slovensku. Pozitívny a negatívny antilobizmus.Lobizmus a podnikatelia.
Salvato in:
| Autore principale: | |
|---|---|
| Natura: | Capitolo di libro |
| Lingua: | slovacco |
| Soggetti: | |
| Tags: |
Nessun Tag, puoi essere il primo ad aggiungerne!!
|
MARC
| LEADER | 00000naa$a2200000$$$4500 | ||
|---|---|---|---|
| 001 | 0041024 | ||
| 005 | 20231006121537.0 | ||
| 041 | 0 | |a slo | |
| 044 | |a SK | ||
| 245 | 1 | 0 | |a Podnikateľské riziká vyplývajúce z chybného pracovného štýlu |c Emil Burák |
| 520 | |a Vymedzenie pojmu lobizmus. Negatívne vnímanie lobizmu na Slovensku. Pozitívny a negatívny antilobizmus.Lobizmus a podnikatelia. | ||
| 610 | 2 | 0 | |a riziko podnikateľské |
| 610 | 2 | 0 | |a lobizmus |
| 610 | 2 | 0 | |a štýl pracovný |
| 610 | 2 | 0 | |a manažéri |
| 610 | 2 | 0 | |a komunikácia manažérska |
| 610 | 2 | 0 | |a záujmy ekonomické |
| 610 | 2 | 0 | |a kontrakty |
| 610 | 2 | 0 | |a prostredie podnikateľské |
| 100 | 1 | |a Burák, Emil | |